| 000 | 00500nam a2200169 4500 | ||
|---|---|---|---|
| 001 | 58520 | ||
| 003 | ES-MaACL | ||
| 005 | 20230906163827.0 | ||
| 007 | t| | ||
| 008 | 031022s1927 xxu ||||1| eng d | ||
| 100 | 1 |
_aDyke, Paul van. _946414 |
|
| 245 | 1 | 0 |
_aIgnatius Loyola _b: the founder of the jesuist / _cby Paul van Dyke. |
| 260 |
_aNew York : _bCharles Scribner's Sons, _c1927. |
||
| 300 |
_aVI, 381 p. ; _c22 cm. |
||
| 600 | 0 | 4 |
_aIgnacio de Loyola _c, Santo. _965147 |
| 852 |
_aES-MaACL _jA-3982 |
||
| 999 |
_c58520 _d58520 |
||